000 00508nam a2200217Ia 4500
003 OSt
005 20221005124504.0
006 a|||||r|||| 00| 0
007 ta
008 221004b |||||||| |||| 00| 0 eng d
024 _a118409
037 _cTextual
040 _aCRL
_cCRL
_beng
041 _2eng
_aeng
100 _aBhatt Daulat
_9192221
245 0 _aNache man mora
260 _c1976
650 _aHINDI LITERATURE
_923866
942 _cTEXL
_2cc
999 _c1050649
_d1050649